ARRUPE JESUIT UNIVERSITY

CORONAVIRUS -STOP THE SPREAD - CLEAN,DISINFECT,COVER

Dementia behaviors-Caregivers survival guide (Record no. 131967)

MARC details
000 -LEADER
fixed length control field 00571nam a22001817a 4500
003 - CONTROL NUMBER IDENTIFIER
control field ARRUPE
005 - DATE AND TIME OF LATEST TRANSACTION
control field 20251022090712.0
008 - FIXED-LENGTH DATA ELEMENTS--GENERAL INFORMATION
fixed length control field 251022b |||||||| |||| 00| 0 eng d
040 ## - CATALOGING SOURCE
Transcribing agency AJU
050 ## - LIBRARY OF CONGRESS CALL NUMBER
Classification number HV1441.8.U5 Y66 2022
300 ## - PHYSICAL DESCRIPTION
Materials specified Book
Other physical details N/A
Dimensions 22cm.
100 ## - MAIN ENTRY--PERSONAL NAME
Personal name Southerly, Grace
9 (RLIN) 52910
245 ## - TITLE STATEMENT
Title Dementia behaviors-Caregivers survival guide
Remainder of title simple, proven methods to control and defuse the situation before it blows up!
Statement of responsibility, etc Grace Southerly
300 ## - PHYSICAL DESCRIPTION
Extent 152pages. ;
650 ## - SUBJECT ADDED ENTRY--TOPICAL TERM
Topical term or geographic name as entry element Dementia
9 (RLIN) 24101
650 ## - SUBJECT ADDED ENTRY--TOPICAL TERM
Topical term or geographic name as entry element Caregivers
9 (RLIN) 52911
942 ## - ADDED ENTRY ELEMENTS (KOHA)
Source of classification or shelving scheme Library of Congress Classification
Koha item type Monograph ( Printed materials)
Holdings
Withdrawn status Lost status Source of classification or shelving scheme Damaged status Not for loan Collection code Home library Current library Shelving location Date acquired Total Checkouts Full call number Barcode Date last seen Price effective from Koha item type
    Library of Congress Classification     Main Collection ARRUPE LIBRARY ARRUPE LIBRARY Main Collection 22/10/2025   HV1441.8.U5 Y66 2022 46700000471 22/10/2025 22/10/2025 Monograph ( Printed materials)

 

Arrupe Library. PO Box MP320 Mt Pleasant, Harare, Zimbabwe
263 242 745411|librarian@aju.ac.zw